[Event "RUS GP rap"]
[Site "Serpukhov"]
[Date "2018.02.23"]
[Round "4"]
[White "Volovikov, Anton"]
[Black "Denisov, Vladislav"]
[Result "0-1"]
[WhiteElo "2271"]
[BlackElo "2227"]
[PlyCount "51"]
[EventDate "2018.02.23"]
[EventType "swiss (rapid)"]
[EventRounds "11"]
[EventCountry "RUS"]
[SourceTitle "CBM 183 Extra"]
[Source "ChessBase"]
[SourceDate "2018.04.19"]
[SourceVersion "1"]
[SourceVersionDate "2018.04.19"]
[SourceQuality "1"]

1. e4 c6 2. d4 d5 3. Nc3 dxe4 4. Nxe4 Bf5 5. Ng3 Bg6 6. h4 h6 7. Nf3 Nd7 8. h5 Bh7 9. Bd3 Bxd3 10. Qxd3 e6 11. Bf4 Bb4+ 12. c3 Be7 13. 0-0-0 Ngf6 14. Ne4 Nxe4 15. Qxe4 Nf6 16. Qc2 Qd5 17. Be5 Qxa2 18. g4 a5 19. Rdg1 a4 20. g5 hxg5 21. Rxg5 Qd5 22. Rh3 a3 23. bxa3 Rxa3 24. Bxf6 Qc4 25. Bxe7 Rxc3 26. Bc5 0-1

[Event "GER-ch U25-A"]
[Site "Willingen"]
[Date "2017.06.08"]
[Round "7"]
[White "Ortmeier, Leonhard"]
[Black "Denisov, Vladislav"]
[Result "0-1"]
[WhiteElo "1930"]
[BlackElo "2172"]
[PlyCount "80"]
[EventDate "2017.06.04"]
[EventType "swiss"]
[EventRounds "9"]
[EventCountry "GER"]
[SourceTitle "CBM 178 Extra"]
[Source "ChessBase"]
[SourceDate "2017.06.22"]
[SourceVersion "1"]
[SourceVersionDate "2017.06.22"]
[SourceQuality "1"]

1. e4 c6 2. d4 d5 3. e5 Bf5 4. h4 h6 5. g4 Bd7 6. Be3 e6 7. Qd2 Qb6 8. c4 c5 9. Nc3 cxd4 10. Bxd4 Qa5 11. Rd1 Nc6 12. Nf3 Nxd4 13. Qxd4 Bc5 14. Qd2 Ne7 15. Bg2 Bc6 16. Nd4 0-0-0 17. cxd5 Bxd4 18. Qxd4 Nxd5 19. 0-0 Nxc3 20. Qxc3 Qxc3 21. bxc3 Kc7 22. Rd4 Rxd4 23. cxd4 Rd8 24. Rd1 Bxg2 25. Kxg2 b5 26. Kf3 Kb6 27. Ke4 Rc8 28. Rd2 Rc1 29. f3 Kc6 30. Re2 a5 31. f4 b4 32. f5 a4 33. fxe6 fxe6 34. g5 b3 35. gxh6 gxh6 36. axb3 axb3 37. d5+ exd5+ 38. Kd3 Rc4 39. Rb2 Rxh4 40. Rxb3 Rh3+ 0-1

[Event "GER-ch U25-A"]
[Site "Willingen"]
[Date "2017.06.04"]
[Round "1"]
[White "Wuebker, Paul Luca"]
[Black "Denisov, Vladislav"]
[Result "0-1"]
[WhiteElo "1909"]
[BlackElo "2172"]
[PlyCount "70"]
[EventDate "2017.06.04"]
[EventType "swiss"]
[EventRounds "9"]
[EventCountry "GER"]
[SourceTitle "CBM 178 Extra"]
[Source "ChessBase"]
[SourceDate "2017.06.22"]
[SourceVersion "1"]
[SourceVersionDate "2017.06.22"]
[SourceQuality "1"]

1. d4 Nf6 2. c4 e6 3. Nf3 b6 4. a3 Bb7 5. Nc3 d5 6. cxd5 Nxd5 7. Nxd5 Qxd5 8. e3 Nd7 9. Be2 Bd6 10. 0-0 0-0 11. b4 Nf6 12. Bb2 Ne4 13. Ne1 a5 14. b5 a4 15. f3 Qh5 16. f4 Qh6 17. Nd3 f6 18. Rc1 Qg6 19. Ne1 Kh8 20. Rc4 Qf7 21. Rxa4 Rxa4 22. Qxa4 Ra8 23. Qc2 Bxa3 24. Bf3 f5 25. Nd3 Bxb2 26. Qxb2 Bd5 27. Bxe4 Bxe4 28. Ne5 Qe8 29. Rc1 Bd5 30. Rxc7 Ra2 31. Qc1 Rxg2+ 32. Kf1 Qxb5+ 33. Nc4 h6 34. Rc8+ Kh7 35. Rd8 Rxh2 0-1

[Event "RUS-chT U20"]
[Site "Kolomna"]
[Date "2014.08.05"]
[Round "4"]
[White "Denisov, Vladislav"]
[Black "Voinikonis, Nikita"]
[Result "1-0"]
[WhiteElo "2120"]
[BlackElo "1806"]
[PlyCount "109"]
[EventDate "2014.08.02"]
[EventType "swiss"]
[EventRounds "9"]
[EventCountry "RUS"]
[SourceTitle "EXT 2016"]
[Source "ChessBase"]
[SourceDate "2015.10.08"]
[SourceVersion "1"]
[SourceVersionDate "2015.10.08"]
[SourceQuality "1"]

1. e4 c5 2. Nf3 d6 3. c3 Nf6 4. Bd3 e6 5. Bc2 Be7 6. 0-0 0-0 7. d4 cxd4 8. cxd4 d5 9. e5 Ne4 10. Nbd2 Nxd2 11. Bxd2 Nc6 12. Qe2 Nb4 13. Bxb4 Bxb4 14. h4 f5 15. exf6 Qxf6 16. Rad1 Bd7 17. Ng5 g6 18. Nf3 Bd6 19. h5 Kg7 20. Ne5 Bxe5 21. dxe5 Qg5 22. hxg6 hxg6 23. Rd4 Rf4 24. Qe3 Raf8 25. Rc1 Qh6 26. Rxf4 Qxf4 27. Qxf4 Rxf4 28. Bd3 Bc6 29. g3 Rd4 30. Rc3 Rb4 31. b3 a5 32. Kf1 a4 33. Ke2 Kh6 34. Kd2 d4 35. Rc4 axb3 36. axb3 Rxb3 37. Rxd4 Rb2+ 38. Ke3 Rb3 39. Rh4+ Kg7 40. Kd4 Bd5 41. Rf4 Rb4+ 42. Kc5 Rb3 43. Be4 Bxe4 44. Rxe4 Rf3 45. Kd6 Rxf2 46. Kxe6 Ra2 47. Rb4 b5 48. Rxb5 Ra6+ 49. Kd5 Kf7 50. Rb7+ Ke8 51. Rc7 Ra5+ 52. Kd6 Ra6+ 53. Rc6 Rxc6+ 54. Kxc6 Ke7 55. Kd5 1-0

[Event "Sochi Meetings"]
[Site "Sochi"]
[Date "2012.07.26"]
[Round "5"]
[White "Oganian, Miran"]
[Black "Denisov, Vladislav"]
[Result "1-0"]
[WhiteElo "2232"]
[BlackElo "2110"]
[PlyCount "61"]
[EventDate "2012.07.24"]
[EventType "tourn"]
[EventRounds "9"]
[EventCountry "RUS"]
[EventCategory "1"]
[SourceTitle "EXT 2013"]
[Source "ChessBase"]
[SourceDate "2012.11.22"]
[SourceVersion "1"]
[SourceVersionDate "2012.11.22"]
[SourceQuality "1"]

1. d4 Nf6 2. c4 e6 3. Nf3 d5 4. g3 dxc4 5. Bg2 a6 6. 0-0 b5 7. Ne5 Nd5 8. a4 Bb7 9. e4 Nf6 10. Re1 Be7 11. Nc3 b4 12. Nb1 Nc6 13. Nxc6 Bxc6 14. e5 Nd5 15. Qg4 g6 16. Bh6 Qd7 17. Rc1 Nb6 18. a5 Bxg2 19. Kxg2 Qc6+ 20. Qf3 Qxf3+ 21. Kxf3 Nd7 22. Rxc4 c5 23. Be3 0-0 24. Nd2 f6 25. exf6 cxd4 26. Bxd4 Bxf6 27. Ke2 Bxd4 28. Rxd4 Nc5 29. Rc1 Rf5 30. f4 Rb8 31. g4 1-0

[Event "Moscow-ch sf"]
[Site "Moscow"]
[Date "2012.03.02"]
[Round "6"]
[White "Denisov, Vladislav"]
[Black "Anfinogenov, Artem"]
[Result "1/2-1/2"]
[WhiteElo "2009"]
[BlackElo "2109"]
[PlyCount "125"]
[EventDate "2012.02.26"]
[EventType "swiss"]
[EventRounds "9"]
[EventCountry "RUS"]
[SourceTitle "CBM 147 Extra"]
[Source "ChessBase"]
[SourceDate "2012.04.24"]
[SourceVersion "1"]
[SourceVersionDate "2012.04.24"]
[SourceQuality "1"]

1. e4 c5 2. Nf3 Nc6 3. d4 cxd4 4. Nxd4 e5 5. Nb5 d6 6. N1a3 a6 7. Nc3 b5 8. Nd5 Nce7 9. c4 Nxd5 10. Qxd5 Be6 11. Qd1 Nf6 12. cxb5 Nxe4 13. bxa6 d5 14. Bb5+ Ke7 15. 0-0 f6 16. Qa4 Kf7 17. Be3 d4 18. Rad1 Nc5 19. Qc2 Qb6 20. Bd2 Nxa6 21. Bc4 Rc8 22. Qb3 Qxb3 23. axb3 Nc5 24. b4 Bxc4 25. Nxc4 Nd3 26. b3 Nxb4 27. Kh1 Nd5 28. Ra1 Be7 29. Ra5 Rhd8 30. Rfa1 Rb8 31. Rb1 Nb4 32. Kg1 Rd7 33. Kf1 Rdb7 34. Ra4 Nd5 35. Na5 Rc7 36. Rc4 Rxc4 37. Nxc4 Ra8 38. Ba5 Bb4 39. Ra1 Bxa5 40. Nxa5 Ke6 41. Ke2 Kd7 42. g3 e4 43. Kd2 Nb4 44. Ra4 Nc6 45. Nb7 Rxa4 46. bxa4 f5 47. a5 Kc7 48. a6 Ne5 49. Nc5 Kb6 50. Ne6 Nf3+ 51. Kd1 g6 52. h3 Kxa6 53. Nf8 Kb5 54. Nxh7 Kc4 55. Nf8 Kd3 56. Nxg6 e3 57. Nf4+ Ke4 58. fxe3 Kxe3 59. h4 Kf2 60. h5 Kxg3 61. h6 Ng5 62. Ne6 Nh7 63. Nxd4 1/2-1/2

[Event "Moscow-ch sf"]
[Site "Moscow"]
[Date "2012.02.26"]
[Round "1"]
[White "Demianjuk, Alexander"]
[Black "Denisov, Vladislav"]
[Result "1-0"]
[WhiteElo "2313"]
[BlackElo "2009"]
[PlyCount "69"]
[EventDate "2012.02.26"]
[EventType "swiss"]
[EventRounds "9"]
[EventCountry "RUS"]
[SourceTitle "CBM 147 Extra"]
[Source "ChessBase"]
[SourceDate "2012.04.24"]
[SourceVersion "1"]
[SourceVersionDate "2012.04.24"]
[SourceQuality "1"]

1. d4 c6 2. c4 d5 3. Nc3 Nf6 4. cxd5 cxd5 5. e3 Bf5 6. Qb3 Qd7 7. Nf3 Be6 8. Ne5 Qc7 9. Bd2 Nc6 10. Rc1 a6 11. Na4 Ne4 12. Nb6 Ra7 13. Nxd5 Qd8 14. Qb6 Bxd5 15. Rxc6 bxc6 16. Qxa7 Nxd2 17. Kxd2 f6 18. Nc4 e5 19. Kc1 exd4 20. Qxd4 c5 21. Qg4 Kf7 22. Bd3 Be6 23. Bf5 Qc8 24. e4 g6 25. Bxe6+ Qxe6 26. Qxe6+ Kxe6 27. Rd1 Be7 28. Kc2 Rb8 29. b3 f5 30. exf5+ gxf5 31. Re1+ Kf6 32. Ne5 Rg8 33. g3 Bd6 34. f4 h5 35. Nf3 1-0

[Event "Moscow op-E"]
[Site "Moscow"]
[Date "2011.02.05"]
[Round "8.172"]
[White "Denisov, Vladislav"]
[Black "Pranizin, Gennady"]
[Result "0-1"]
[WhiteElo "1945"]
[BlackElo "2159"]
[PlyCount "168"]
[EventDate "2011.01.29"]
[EventType "swiss"]
[EventRounds "9"]
[EventCountry "RUS"]
[SourceTitle "EXT 2022"]
[Source "ChessBase"]
[SourceDate "2021.10.06"]
[SourceVersion "1"]
[SourceVersionDate "2021.10.06"]
[SourceQuality "1"]

1. e4 e5 2. Nf3 Nc6 3. Bb5 Nf6 4. 0-0 Nxe4 5. d4 Nd6 6. dxe5 Nxb5 7. a4 Nd6 8. exd6 Bxd6 9. Qd3 Be7 10. Nc3 0-0 11. Nd5 d6 12. Nxe7+ Nxe7 13. Nd4 d5 14. b4 c6 15. Bb2 Ng6 16. Rfe1 Qg5 17. Nf3 Qg4 18. h3 Qh5 19. Nd4 Nf4 20. Qg3 Ng6 21. Qc3 f6 22. Ba3 Bd7 23. Qg3 Qh4 24. Qc3 Ne5 25. Rad1 Rfe8 26. Bc1 Nc4 27. Nf3 Qh5 28. Rd4 Rxe1+ 29. Qxe1 Re8 30. Qd1 Ne5 31. Nxe5 Qxd1+ 32. Rxd1 Rxe5 33. Be3 a6 34. Kf1 Re4 35. c3 Rc4 36. Bd4 a5 37. Rb1 Bf5 38. Rb2 b6 39. Bxb6 Rxc3 40. Bxa5 Bd3+ 41. Ke1 Ra3 42. Kd2 Bc4 43. g3 Rxa4 44. Bb6 Ra3 45. Bc5 Bb5 46. Kc1 Kf7 47. Rd2 g5 48. Kb2 Rf3 49. Be3 h5 50. h4 gxh4 51. gxh4 Ke6 52. Kc1 f5 53. Bg5 f4 54. Bh6 Ke5 55. Bg7+ Kf5 56. Bh6 Bc4 57. Bg5 Rc3+ 58. Rc2 Rb3 59. Rb2 Ra3 60. Rd2 Ra1+ 61. Kb2 Ra4 62. Kc3 Ke5 63. Bh6 Ra3+ 64. Kc2 Rb3 65. Bf8 Ke6 66. Rd4 Rf3 67. Rd2 Rh3 68. Rd4 Rxh4 69. Bh6 Ke5 70. Bg7+ Kf5 71. Bh6 Rg4 72. f3 Rh4 73. Kd2 Rh2+ 74. Kc1 Kg6 75. Bf8 h4 76. Rxf4 h3 77. Bd6 Rh1+ 78. Kd2 Rf1 79. Kc3 Rd1 80. Rh4 Bf1 81. Bf4 d4+ 82. Kb2 Kf5 83. Kb3 Bg2 84. Bh6 Rd3+ 0-1

[Event "RUS-chT U20"]
[Site "Rybinsk"]
[Date "2010.08.04"]
[Round "3"]
[White "Denisov, Vladislav"]
[Black "Arbuzov, Ivan"]
[Result "1-0"]
[WhiteElo "1933"]
[BlackElo "1940"]
[PlyCount "81"]
[EventDate "2010.08.02"]
[EventType "team-swiss"]
[EventRounds "9"]
[EventCountry "RUS"]
[SourceTitle "EXT 2011"]
[Source "ChessBase"]
[SourceDate "2010.11.26"]
[SourceVersion "1"]
[SourceVersionDate "2010.11.26"]
[SourceQuality "1"]

1. e4 c6 2. d4 d5 3. Nd2 dxe4 4. Nxe4 Bf5 5. Ng3 Bg6 6. h4 h6 7. Nf3 Nd7 8. Bd3 Bxd3 9. Qxd3 e6 10. Bd2 Ngf6 11. 0-0-0 Qc7 12. Ne4 0-0-0 13. g3 Nxe4 14. Qxe4 Nf6 15. Qe2 Bd6 16. c4 c5 17. dxc5 Bxc5 18. Kb1 Ng4 19. Bc3 Nxf2 20. Be5 Qb6 21. Rxd8+ Rxd8 22. Rf1 f6 23. Bc3 Ng4 24. Nd2 h5 25. Ne4 e5 26. Qf3 Ne3 27. Re1 Nxc4 28. Nxc5 Qxc5 29. Qxh5 Qd5 30. Rc1 Kb8 31. Qe2 Nd2+ 32. Bxd2 Qxd2 33. Qxd2 Rxd2 34. Rc3 Rd7 35. h5 Rc7 36. Rf3 Rc6 37. g4 Kc7 38. g5 Kd7 39. gxf6 Rxf6 40. Rxf6 gxf6 41. h6 1-0

[Event "RUS-chT Clubs U18"]
[Site "Rybinsk"]
[Date "2009.08.10"]
[Round "9"]
[White "Denisov, Vladislav"]
[Black "Mushenok, Egor"]
[Result "1-0"]
[WhiteElo "1955"]
[BlackElo "2009"]
[PlyCount "115"]
[EventDate "2009.08.02"]
[EventType "team-swiss"]
[EventRounds "9"]
[EventCountry "RUS"]
[SourceTitle "CBM 131 Extra"]
[Source "ChessBase"]
[SourceDate "2009.09.03"]
[SourceVersion "2"]
[SourceVersionDate "2009.09.16"]
[SourceQuality "1"]

1. e4 c5 2. Nf3 Nc6 3. d4 cxd4 4. Nxd4 Nf6 5. Nc3 d6 6. Bg5 e6 7. f3 Be7 8. Qd2 0-0 9. 0-0-0 a6 10. g4 Bd7 11. h4 b5 12. Nxc6 Bxc6 13. Bh3 Rc8 14. Kb1 b4 15. Ne2 Nxe4 16. fxe4 Bxe4 17. Nd4 Bxh1 18. Rxh1 Rc5 19. Bxe7 Qxe7 20. g5 a5 21. Re1 g6 22. Re4 Qb7 23. Bg2 Qd7 24. Nf3 Rd5 25. Qe1 e5 26. Nh2 f5 27. gxf6 Rxf6 28. Ng4 Rf8 29. b3 Rc5 30. Ne3 Kg7 31. Qg3 Rc3 32. h5 Rf6 33. Qh2 g5 34. Nd5 Qf5 35. Nxc3 bxc3 36. Qg1 Qf2 37. Qh1 Qd2 38. Bf3 Qf2 39. Bd1 Qf1 40. Qxf1 Rxf1 41. Kc1 Kf6 42. Rc4 Kf5 43. Rxc3 e4 44. Kd2 Kf4 45. Rc4 d5 46. Rc7 Rf2+ 47. Be2 Rh2 48. Rxh7 d4 49. Rd7 Ke5 50. Rd8 Rh1 51. Rh8 Kf4 52. h6 d3 53. cxd3 e3+ 54. Kc2 Rh2 55. Rf8+ Ke5 56. Re8+ Kd4 57. Re4+ Kd5 58. Rxe3 1-0

[Event "RUS-chT Clubs U18"]
[Site "Rybinsk"]
[Date "2009.08.04"]
[Round "3"]
[White "Yudin, Ivan"]
[Black "Denisov, Vladislav"]
[Result "1-0"]
[WhiteElo "2256"]
[BlackElo "1955"]
[PlyCount "85"]
[EventDate "2009.08.02"]
[EventType "team-swiss"]
[EventRounds "9"]
[EventCountry "RUS"]
[SourceTitle "CBM 131 Extra"]
[Source "ChessBase"]
[SourceDate "2009.09.03"]
[SourceVersion "2"]
[SourceVersionDate "2009.09.16"]
[SourceQuality "1"]

1. d4 d5 2. c4 dxc4 3. Nf3 Nf6 4. Nc3 e6 5. e4 a6 6. Bg5 Be7 7. Bxc4 b5 8. Bd3 Bb7 9. Qe2 Nbd7 10. Rd1 h6 11. Bh4 0-0 12. a3 c5 13. dxc5 Nxc5 14. Bc2 Qc7 15. Bg3 Qa5 16. Nd2 Qb6 17. 0-0 Rac8 18. Bb1 Rfd8 19. Rfe1 Rd7 20. Qe3 Qd8 21. Nf3 Na4 22. Rxd7 Qxd7 23. Ne5 Qe8 24. Nxa4 bxa4 25. Bd3 Nd7 26. Nxd7 Qxd7 27. Qe2 Rc6 28. Rd1 Qc8 29. Bf4 Bg5 30. Bxg5 hxg5 31. e5 Rc1 32. Qd2 Rxd1+ 33. Qxd1 Bc6 34. Qc1 Qb7 35. Qxg5 Qd7 36. Qe3 Bb5 37. Bc2 g6 38. h4 Qe7 39. Qd4 Kg7 40. Bxa4 Bxa4 41. Qxa4 Qc5 42. Qf4 Qe7 43. b4 1-0

[Event "Obninsk op"]
[Site "Obninsk"]
[Date "2009.07.??"]
[Round "1"]
[White "Denisov, Vladislav"]
[Black "Chernobay, Artem"]
[Result "0-1"]
[WhiteElo "1955"]
[BlackElo "2393"]
[PlyCount "64"]
[EventDate "2009.07.??"]
[EventType "swiss"]
[EventRounds "9"]
[EventCountry "RUS"]
[SourceTitle "CBM 131 Extra"]
[Source "ChessBase"]
[SourceDate "2009.09.03"]
[SourceVersion "2"]
[SourceVersionDate "2009.09.16"]
[SourceQuality "1"]

1. e4 c5 2. Nf3 Nc6 3. d4 cxd4 4. Nxd4 Nf6 5. Nc3 e5 6. Ndb5 d6 7. Bg5 a6 8. Na3 b5 9. Bxf6 gxf6 10. Nd5 Bg7 11. c3 f5 12. exf5 Bxf5 13. Nc2 0-0 14. Nce3 Be6 15. Be2 f5 16. 0-0 f4 17. Bg4 Bxg4 18. Nxg4 h5 19. Nxe5 dxe5 20. Qf3 Ne7 21. Nxe7+ Qxe7 22. Qxh5 Rad8 23. Qg6 Rd6 24. Qc2 f3 25. gxf3 Rh6 26. Qb3+ Kh8 27. Qb4 Qe8 28. Rfd1 Qh5 29. Qe4 Qxh2+ 30. Kf1 Rh4 31. Qe3 Bh6 32. Qd3 e4 0-1

[Event "Obninsk op"]
[Site "Obninsk"]
[Date "2009.07.??"]
[Round "8"]
[White "Denisov, Vladislav"]
[Black "Paramzina, Anastasya"]
[Result "1-0"]
[WhiteElo "1955"]
[BlackElo "1706"]
[PlyCount "59"]
[EventDate "2009.07.??"]
[EventType "swiss"]
[EventRounds "9"]
[EventCountry "RUS"]
[SourceTitle "CBM 131 Extra"]
[Source "ChessBase"]
[SourceDate "2009.09.03"]
[SourceVersion "2"]
[SourceVersionDate "2009.09.16"]
[SourceQuality "1"]

1. e4 c5 2. Nf3 e6 3. d4 cxd4 4. Nxd4 Nf6 5. Nc3 d6 6. Be2 a6 7. 0-0 Be7 8. Be3 Qc7 9. f4 0-0 10. Kh1 b5 11. Bf3 Bb7 12. a3 Nbd7 13. Nb3 Nb6 14. Bxb6 Qxb6 15. Qe2 Rac8 16. Rad1 Rfd8 17. f5 Bf8 18. fxe6 fxe6 19. Nd4 Re8 20. Bg4 Nxg4 21. Qxg4 d5 22. e5 Bxa3 23. Rf6 Rc4 24. bxa3 Rxc3 25. Nxe6 Rc7 26. Rdf1 h6 27. Rf8+ Rxf8 28. Rxf8+ Kh7 29. Qf5+ g6 30. Rf7+ 1-0

[Event "Obninsk op"]
[Site "Obninsk"]
[Date "2009.07.??"]
[Round "9"]
[White "Okun, Evgeny"]
[Black "Denisov, Vladislav"]
[Result "1-0"]
[WhiteElo "2094"]
[BlackElo "1955"]
[PlyCount "67"]
[EventDate "2009.07.??"]
[EventType "swiss"]
[EventRounds "9"]
[EventCountry "RUS"]
[SourceTitle "CBM 131 Extra"]
[Source "ChessBase"]
[SourceDate "2009.09.03"]
[SourceVersion "2"]
[SourceVersionDate "2009.09.16"]
[SourceQuality "1"]

1. f4 d5 2. g3 Bf5 3. Bg2 Nf6 4. Nf3 c6 5. d3 e6 6. 0-0 Bc5+ 7. e3 0-0 8. h3 Nbd7 9. Qe2 Bg6 10. g4 h6 11. Nc3 Re8 12. Kh1 e5 13. f5 Bh7 14. e4 Bb4 15. Nd1 Kh8 16. Nf2 d4 17. Kh2 Ng8 18. g5 Bf8 19. h4 c5 20. Rg1 hxg5 21. hxg5 g6 22. f6 Ngxf6 23. gxf6 Nxf6 24. Bg5 Bg7 25. Rh1 Qd6 26. Bxf6 Qxf6 27. Kg1 Qe7 28. Nd2 b5 29. Qg4 Qf8 30. Nf3 Bf6 31. Nh3 Kg7 32. Nhg5 Bxg5 33. Nxg5 Bg8 34. Qh4 1-0